A Text Book of Heat (Record no. 95457)

MARC details
000 -LEADER
fixed length control field 00290pam a2200133 a 4500
020 ## - INTERNATIONAL STANDARD BOOK NUMBER
Terms of availability
041 ## - LANGUAGE CODE
Language code of text/sound track or separate title eng
082 ## - DEWEY DECIMAL CLASSIFICATION NUMBER
Classification number 536
Item number SAH
100 ## - MAIN ENTRY--PERSONAL NAME
Personal name Saha, M.N .
245 ## - TITLE STATEMENT
Title A Text Book of Heat
Medium Textual Documents
260 ## - PUBLICATION, DISTRIBUTION, ETC.
Place of publication, distribution, etc. Mumbai
Name of publisher, distributor, etc. Orient Longman
Date of publication, distribution, etc. 1967
300 ## - PHYSICAL DESCRIPTION
Extent 361p.
930 ## - EQUIVALENCE OR CROSS-REFERENCE-UNIFORM TITLE HEADING [LOCAL, CANADA]
Uniform title 18557
Holdings
Withdrawn status Lost status Damaged status Not for loan Collection Home library Current library Date acquired Source of acquisition Cost, normal purchase price Total Checkouts Full call number Barcode Date last seen Copy number Price effective from Koha item type
          Yashwantrao Mohite College of Arts, Science And Commerce, Pune Yashwantrao Mohite College of Arts, Science And Commerce, Pune 06/06/2022 Varma Book Centeer 9.00   536 SAH YMP-7953 24/02/2023 1 24/02/2023 Book